| 000 | 01810nam a2200481 i 4500 | ||
|---|---|---|---|
| 001 | 25685 | ||
| 003 | KOSZ 005 | ||
| 005 | 20200708092041.0 | ||
| 008 | 200426s1973 pl a f 000 0 pol | ||
| 015 | _aUWD 1974/1348 | ||
| 035 | _a991027673529705066 | ||
| 035 | _a(PL-WaBN)b17500564-48omnis_nlop | ||
| 035 | _ab17500564 | ||
| 035 | _a(OCoLC)838693527 | ||
| 035 | _a(PL)b0000001750056 | ||
| 035 | _a(EXLNZ-48OMNIS_NETWORK)9910247617505606 | ||
| 040 |
_aWA N _cWA N _dKOSZ 005/RW |
||
| 046 | _k1973 | ||
| 080 | _a624.014.2 | ||
| 100 | 1 |
_aBogucki, Władysław _d(1910-1992) _eAutor |
|
| 245 | 1 | 0 |
_aTablice do projektowania konstrukcji stalowych / _cWładysław Bogucki, Mikołaj Żyburtowicz. |
| 250 | _aWydanie 3 poprawione i uzupełnione. | ||
| 260 |
_aWarszawa : _b"Arkady", _c1973. |
||
| 300 |
_a450, [3] stron : _bilustracje, wykresy ; _c25 cm. |
||
| 336 |
_aTekst _btxt _2rdacontent |
||
| 337 |
_aBez urządzenia pośredniczącego _bn _2rdamedia |
||
| 338 |
_aWolumin _bnc _2rdacarrier |
||
| 380 | _aKsiążki | ||
| 380 | _aPublikacje fachowe | ||
| 380 | _aPublikacje dydaktyczne | ||
| 388 | _a1901-2000 | ||
| 388 | _a1945-1989 | ||
| 521 | 8 | _aKsiążka przeznaczona jest dla inżynierów projektantów i wykonawców oraz może służyć jako pomoc dydaktyczna dla studentów wydziałów budowlanych wyższych szkół technicznych. | |
| 650 | 7 |
_aKonstrukcje stalowe _2DBN |
|
| 650 | 7 | _aProjektowanie | |
| 655 | 7 |
_aTablice i wzory _2DBN |
|
| 658 | _aArchitektura i budownictwo | ||
| 700 | 1 |
_aŻyburtowicz, Mikołaj _d(1898-1978) _eAutor |
|
| 710 | 2 |
_aWydawnictwo Arkady _4pbl |
|
| 856 |
_uhttp://koha.tu.koszalin.pl/cgi-bin/koha/opac-detail.pl?biblionumber=25685 _yKatalog online BPK |
||
| 942 |
_2UKD _cKS |
||
| 999 |
_c25685 _d25685 |
||